Statistics for Houston Rockets 2010's Starters

Click here to take the quiz!

General Stats

  • This quiz has been taken 758 times
    (648 since last reset)
  • The average score is 10 of 22

Answer Stats

PlayerStarts% Correct
James Harden7
100%
Chris Paul2
93%
Clint Capela4
90%
Dwight Howard3
77%
P.J. Tucker1
74%
Eric Gordon1
71%
Trevor Ariza5
65%
Patrick Beverley4
57%
Ryan Anderson2
41%
Chandler Parsons3
37%
Jeremy Lin1
34%
Kyle Lowry2
34%
Luis Scola3
32%
Terrence Jones1
32%
Kevin Martin2
29%
Aaron Brooks1
26%
Ömer Aşık1
24%
Shane Battier2
21%
Donatas Motiejūnas1
11%
Chuck Hayes2
10%
Samuel Dalembert1
9%
Patrick Patterson1
8%

Score Distribution

Percentile by Number Answered

Percent of People with Each Score

Your Score History

You have not taken this quiz since the last reset